NHL Stars Teams Played For - Statistics

General Stats
  • This quiz has been taken 20 times
  • The average score is 11 of 23
Answer Stats
Hint Answer % Correct
Edmonton OilersLA Kings St Louis Blues New York Rangers Wayne Gretzky
94%
Edmonton Oilers New York Rangers Vancouver Canucks Mark Messier
89%
Quebec NordiquesColorado Avalanche Joe Sakic
78%
Pittsburgh PenguinsWashington Capitals New York Rangers Philidelphia flyers' Dallas Stars Boston Bruins New Jersey Devils Florida Panthers Calgary Flames Jaromir Jagr
72%
Detroit Red WingsHeartford Whalers Gordie Howe
67%
Minnesota North StarsDallas Stars Detroit Red Wings Mike Modano
67%
Montreal CanadiensColorado Avalanche Patrick Roy
67%
Winnipeg Jets (Old)Anneheim Ducks San Jose Sharks Colorado Avalanche Teemu Selanne
61%
Quebec NordiquesToronto Maple Leafs Vancouver Canucks Mats Sundin
56%
Edmonton OilersPittsburgh Penguins LA Kings Detroit Redwings Heartford Whalers Philidelphia Flyers Carolina Hurricanes Chicago Blackhawks Boston Bruins Paul Coffey
50%
Hearford whalersCarolina Hurricanes Pittsburg Penguins Toronto Maple Leafs Ron Francis
50%
New Jersey DevilsSt Louis Blues Heartford Whalers Detroit Redwings New York Rangers Brendan Shanahan
44%
Edmonton OilersLA Kings New York Rangers Anneheim Ducks Colorado Avalanche jari Kurri
44%
New Jersey DevilsSaint Louis Blues Martin Brodeur
39%
Calgary FlamesSt Louis Blues Dallas Stars Detroit Red Wings Brett Hull
33%
Hartford WhalersSt Louis blues Edmonton Oilers Aneheim Ducks Philidelphia flyers Chris Pronger
28%
Chicago blackhawks San Jose Sharks Dallas Stars Toronto Maple Leafs Florida Panthers Ed Belfour
28%
Winnipeg Jets (Old)Chicago Blackhawks Bobby Hull
22%
Chicago blackhawksBuffalo Sabres Ottawa Senators Detroit Redwings Dominik Hasek
22%
Detroit RedwingsLA kings New York Rangers Marcel Dionne
22%
Buffalo SabresWinnipeg jets (Old) Saint Louis Blues Calgary Flames New jersey devils Washington Capitals Chicago Blackhawks Toronto Maple Leafs Phil Housley
22%
St Louis BluesCalgery Flames Toronto Maple Leafs New Jersey Devils Chicago Blackhawks Buffalo Sabres Montreal Canadiens Doug Gilmour
17%
RedwingsArizona Coyotes Pavel Datsyuk
11%
No matching quizzes found
Score Distribution
Percent of People with Each Score
Percentile by Number Answered
Your Score History
You have not taken this quiz